000 00546nam a2200217Ia 4500
003 OSt
005 20230502105628.0
008 210423s2013 xx 000 0 und d
020 _a9788131759525
040 _cAL
041 _aeng
082 _a658.15
_223
_bEITD
100 _aEITEMAN (David K);others.
_995803
245 _aMultinational business finance.
250 _a12
260 _aNew Delhi
_bPearson
_c2013
300 _axviii,629
_bPB
365 _b725
_cINR
906 _abusiness ; finance. ; Multinational
942 _2ddc
_cBK
999 _c161421
_d161421